000 00686nam a2200241 i 4500
001 C2-0309810
003 PPAK
005 20180728100953.0
008 110602s2008 my a|||| ||||| | may d
020 _a9789833247943
040 _aPPAK
_beng
_cPPAK
_erda
082 0 4 _a959.5118
_223
090 0 0 _a959.5118
_bANA
_dKMI
100 0 _aAna Faqir,
_eauthor
245 1 0 _aMenyingkap misteri Pulau Besar
264 1 _aKuala Lumpur :
_bPenerbitan Seribu Dinar ,
_c2008
300 _aviii, 318 pages :
_bcolour illustrations ;
_c22 cm
336 _2rdacontent
_atext
337 _2rdamedia
_aunmediated
338 _2rdacarrier
_avolume
650 1 0 _aMelaka - History
942 _ddc
_cB
999 _c112331
_d112331